000 00221nam a22000977a 4500
999 _c16181
_d16181
003 OSt
008 200616b ||||| |||| 00| 0 eng d
100 _aFrederick T Wood
_94600
245 _aEnglish verbal idioms
942 _cBK